Faces of the future : the lessons of science fiction /

Bibliographic Details
Main Author: Ash, Brian
Format: Book
Language:English
Published: New York : Taplinger Pub. Co., 1975.
Subjects:

MARC

Tag First Indicator Second Indicator Subfields
LEADER 00000cam a2200000 a 4500
001 in00000071984
005 20151008062507.0
008 751107s1975 nyu b 00110 engm
010 |a  74021697  
020 |a 0800825837 :  |c $8.95 
035 |a (OCoLC)01354120 
035 |9 AAK0338AM 
040 |a DLC  |c DLC  |d m.c.  |d TXA  |d UtOrBLW 
049 |a TXAS  |c [1701823] 
050 0 0 |a PN3448.S45  |b A8 1975b 
082 0 |a 809.3/876 
100 1 |a Ash, Brian. 
245 1 0 |a Faces of the future :  |b the lessons of science fiction /  |c Brian Ash. 
264 1 |a New York :  |b Taplinger Pub. Co.,  |c 1975. 
300 |a 213 pages ;  |c 23 cm. 
336 |a text  |b txt  |2 rdacontent 
337 |a unmediated  |b n  |2 rdamedia 
338 |a volume  |b nc  |2 rdacarrier 
500 |a Includes index. 
504 |a Bibliography: pages 205-206. 
650 0 |a Science fiction  |x History and criticism. 
650 0 |a Future, The, in literature. 
999 |a MARS 
999 f f |s e8831331-11c6-34bd-96dc-ee1a45783f7c  |i 60fb7706-4212-39f7-be3c-b740205be22a  |t 0 
952 f f |p noncirc  |a Texas A&M University  |b College Station  |c Cushing Memorial Library & Archives  |d Cushing: Science Fiction (Does not check out)  |t 0  |e PN3448.S45 A8 1975b  |h Library of Congress classification  |i unmediated -- volume  |m A14806066776 
998 f f |a PN3448.S45 A8 1975b  |t 0  |l Cushing: Science Fiction (Does not check out)